00430nam a2200157Ia 4500003000900000008004100009040001600050080001800066100002000084245006100104260002900165300001000194650004100204650001400245650001300259IN-BaIIA211028s9999 xx 000 0 eng d cIIA Library a524.8-52bSCH aSchatzman, Evry 4aThe origin and evolution of the universecEvry Schatzman aLondonbHutchinsonc1966 a288p. aAstronomy and astrophysics thesaurus aCosmology aUniverse